| 000 | 00793cab a2200217 4500 | ||
|---|---|---|---|
| 001 | WB2903-10 | ||
| 008 | 090401t1993 xxu||||| |||| 00| 0 eng d | ||
| 035 | _a(Sirsi) u31610 | ||
| 041 | _aeng | ||
| 245 | _aFire protection at royal palaces | ||
| 260 | _c1993 | ||
| 350 | _a0 | ||
| 490 |
_aDepartment of National Heritage News Release _v(1/93) 14 January 1993 (3) |
||
| 520 | _aThe National Heritage Secretary has announced that Sir Alan Bailey will chair the inquiry into the adequacy of fire protection measures at the Royal Palaces for which the Department has responsibility. | ||
| 650 | _aFIRE PROTECTION | ||
| 650 | _aMANAGEMENT-HEALTH AND SAFETY-FIRE SAFETY | ||
| 650 | _aROYAL PALACES | ||
| 690 | _aBUILT ENVIRONMENT-BUILDING STANDARDS | ||
| 942 | _n0 | ||
| 948 | _c04/03/1997 | ||
| 999 |
_c21217 _d21217 |
||